[Event "SE-2013-0-00136"]
[Site "LSS email"]
[Date "2013.03.22"]
[Round "?"]
[White "Ershov, Gennady"]
[Black "Pinilla Munoz, Sonia"]
[Result "0-1"]
[WhiteElo "1207"]
[BlackElo "1332"]
[PlyCount "26"]
[EventDate "2013.02.02"]
[EventType "tourn (corr)"]
[EventRounds "6"]
[EventCountry "GER"]
[SourceTitle "Corr 2015"]
[Source "ChessBase"]
[SourceDate "2015.07.17"]
[SourceVersion "1"]
[SourceVersionDate "2015.07.17"]
[SourceQuality "1"]

1. e4 c5 2. f4 d5 3. exd5 Qxd5 4. Nc3 Qd8 5. Nf3 Nf6 6. Bc4 e6 7. d3 Be7 8. Ne5 Nbd7 9. a4 Nd5 10. Bd2 0-0 11. Qf3 Nb4 12. 0-0-0 Nb6 13. Bb3 f6 0-1

[Event "SE-2013-0-00136"]
[Site "LSS email"]
[Date "2013.03.21"]
[Round "?"]
[White "Pinilla Munoz, Sonia"]
[Black "Morau, Jose Roberto"]
[Result "1-0"]
[WhiteElo "1332"]
[BlackElo "1171"]
[PlyCount "65"]
[EventDate "2013.02.02"]
[EventType "tourn (corr)"]
[EventRounds "6"]
[EventCountry "GER"]
[SourceTitle "Telechess CBM 161"]
[Source "ChessBase"]
[SourceDate "2014.07.16"]
[SourceVersion "1"]
[SourceVersionDate "2014.07.16"]
[SourceQuality "1"]

1. d4 d5 2. c4 e6 3. Nc3 Nf6 4. Nf3 Nbd7 5. cxd5 exd5 6. Bf4 Bb4 7. e3 Ne4 8. Qc2 0-0 9. Bd3 Re8 10. 0-0 Bxc3 11. bxc3 Ndf6 12. c4 Bf5 13. Rfb1 b6 14. cxd5 Nxd5 15. Be5 f6 16. Bxe4 Bxe4 17. Qxe4 Nc3 18. Qc2 Nxb1 19. Qb3+ Kh8 20. Bg3 h6 21. Rxb1 Qe7 22. Rc1 Rac8 23. d5 Qf7 24. Nd4 a6 25. Rc6 g6 26. Ne6 h5 27. Nxc7 Re7 28. Qxb6 f5 29. h4 Qg7 30. Rxg6 Qa1+ 31. Kh2 Qxa2 32. Qf6+ Kh7 33. Rh6+ 1-0

[Event "SE-2012-0-00109"]
[Site "LSS email"]
[Date "2012.06.04"]
[Round "?"]
[White "Pinilla Munoz, Sonia"]
[Black "Morau, Jose Roberto"]
[Result "1-0"]
[WhiteElo "1338"]
[BlackElo "1220"]
[PlyCount "87"]
[EventDate "2012.04.18"]
[EventType "tourn (corr)"]
[EventRounds "6"]
[EventCountry "GER"]
[SourceTitle "Telechess CBM 159"]
[Source "ChessBase"]
[SourceDate "2014.03.17"]
[SourceVersion "1"]
[SourceVersionDate "2014.03.17"]
[SourceQuality "1"]

1. d4 d5 2. c4 dxc4 3. Nf3 Nf6 4. e3 Be6 5. Nbd2 Nc6 6. Nxc4 Bd5 7. Bd3 e6 8. 0-0 Nb4 9. Be2 c5 10. Nce5 Bd6 11. Qa4+ Nc6 12. dxc5 Bxc5 13. b4 Bd6 14. Nxc6 Bxc6 15. b5 Bd5 16. Bb2 0-0 17. Rad1 Ne4 18. Qd4 Qf6 19. Qxf6 Nxf6 20. Bxf6 gxf6 21. e4 Bxh2+ 22. Nxh2 Bxe4 23. Rd4 f5 24. Rfd1 a6 25. b6 Rfc8 26. Bf3 Rc6 27. Bxe4 fxe4 28. Rb1 Rac8 29. Rd7 Rc1+ 30. Rxc1 Rxc1+ 31. Nf1 Ra1 32. Rxb7 Rxa2 33. Ra7 Kg7 34. b7 Rb2 35. Nd2 a5 36. Nc4 Rb1+ 37. Kh2 a4 38. Nd6 Rb4 39. Rxa4 Rxa4 40. b8Q Rd4 41. Ne8+ Kh6 42. Qf4+ Kg6 43. Qf6+ Kh5 44. Ng7+ 1-0

[Event "SE-2012-0-00107"]
[Site "LSS email"]
[Date "2012.05.06"]
[Round "?"]
[White "Pinilla Munoz, Sonia"]
[Black "Razo, Ryan Jose"]
[Result "1/2-1/2"]
[WhiteElo "1338"]
[BlackElo "1306"]
[PlyCount "35"]
[EventDate "2012.03.19"]
[EventType "tourn (corr)"]
[EventRounds "6"]
[EventCountry "GER"]
[SourceTitle "Corr 2015"]
[Source "ChessBase"]
[SourceDate "2015.07.17"]
[SourceVersion "1"]
[SourceVersionDate "2015.07.17"]
[SourceQuality "1"]

1. d4 Nf6 2. c4 e6 3. Nf3 b6 4. g3 Bb7 5. Bg2 Be7 6. 0-0 0-0 7. Nc3 Ne4 8. Qc2 Nxc3 9. Qxc3 c5 10. Rd1 d6 11. b3 Bf6 12. Bb2 Qe7 13. Qc2 Nc6 14. e4 e5 15. d5 Nd4 16. Qd3 g6 17. Nxd4 exd4 18. Re1 1/2-1/2

[Event "SE-2012-0-00107"]
[Site "LSS email"]
[Date "2012.05.06"]
[Round "?"]
[White "Willmann, Bernd"]
[Black "Pinilla Munoz, Sonia"]
[Result "1-0"]
[WhiteElo "1843"]
[BlackElo "1338"]
[PlyCount "55"]
[EventDate "2012.03.19"]
[EventType "tourn (corr)"]
[EventRounds "6"]
[EventCountry "GER"]
[SourceTitle "Telechess CBM 159"]
[Source "ChessBase"]
[SourceDate "2014.03.17"]
[SourceVersion "1"]
[SourceVersionDate "2014.03.17"]
[SourceQuality "1"]

1. c4 Nf6 2. d4 g6 3. Nc3 Bg7 4. e4 d6 5. f4 0-0 6. Nf3 c5 7. d5 e6 8. Be2 exd5 9. cxd5 Bg4 10. 0-0 Nbd7 11. h3 Bxf3 12. Bxf3 Re8 13. Re1 Qa5 14. Bd2 c4 15. Qe2 Rac8 16. Rad1 a6 17. Be3 b5 18. a3 Nc5 19. Bxc5 Rxc5 20. e5 dxe5 21. fxe5 Nd7 22. e6 fxe6 23. Qe3 Rc7 24. dxe6 Nc5 25. Re2 Bxc3 26. bxc3 Qb6 27. e7 Qf6 28. Rf1 1-0

[Event "RE-2012-0-00095"]
[Site "LSS email"]
[Date "2012.04.27"]
[Round "?"]
[White "Willmann, Bernd"]
[Black "Pinilla Munoz, Sonia"]
[Result "1/2-1/2"]
[WhiteElo "1518"]
[BlackElo "1281"]
[PlyCount "24"]
[EventDate "2012.03.01"]
[EventType "tourn (corr)"]
[EventRounds "6"]
[EventCountry "GER"]
[SourceTitle "Corr 2015"]
[Source "ChessBase"]
[SourceDate "2015.07.17"]
[SourceVersion "1"]
[SourceVersionDate "2015.07.17"]
[SourceQuality "1"]

1. f4 d5 2. Nf3 g6 3. e3 Bg7 4. d4 Nf6 5. c4 0-0 6. Nc3 c6 7. Qb3 e6 8. Bd3 c5 9. cxd5 cxd4 10. exd4 Nxd5 11. Nxd5 Qxd5 12. Qxd5 exd5 1/2-1/2

[Event "RF-2012-0-00113"]
[Site "LSS email"]
[Date "2012.04.15"]
[Round "?"]
[White "Piacentile, Carmine"]
[Black "Pinilla Munoz, Sonia"]
[Result "1/2-1/2"]
[WhiteElo "1497"]
[BlackElo "1313"]
[PlyCount "168"]
[EventDate "2012.03.09"]
[EventType "tourn (corr)"]
[EventRounds "6"]
[EventCountry "GER"]
[SourceTitle "Telechess CBM 155"]
[Source "ChessBase"]
[SourceDate "2013.07.16"]
[SourceVersion "1"]
[SourceVersionDate "2013.07.16"]
[SourceQuality "1"]

1. d4 Nf6 2. Nc3 d5 3. Bf4 Bf5 4. e3 e6 5. Bd3 Bxd3 6. cxd3 Bd6 7. Be5 0-0 8. Rc1 Nc6 9. Nf3 Ng4 10. Bxd6 Qxd6 11. 0-0 Rfe8 12. a3 a6 13. Na4 e5 14. h3 Nf6 15. Nc5 Rab8 16. Qa4 b5 17. Qc2 exd4 18. Nb3 Ne5 19. Nxe5 Qxe5 20. Qxc7 dxe3 21. Qxe5 Rxe5 22. Nd4 exf2+ 23. Kxf2 Kf8 24. Rc6 Ra8 25. Rd6 Ree8 26. Rc1 Re7 27. Rc5 Re5 28. b4 Ree8 29. Rcc6 a5 30. Nxb5 Reb8 31. Nc7 Ra7 32. Na6 Rbb7 33. Ke3 Ke7 34. Rb6 Rxb6 35. Rxb6 Nd7 36. Rc6 axb4 37. axb4 Rb7 38. Rc7 Rxc7 39. Nxc7 Nf6 40. Kd4 Kd6 41. Nb5+ Ke6 42. g4 h6 43. Nc3 Kd6 44. b5 g6 45. b6 Kc6 46. Nxd5 Nd7 47. h4 Nc5 48. Ne7+ Kxb6 49. Ng8 h5 50. gxh5 gxh5 51. Nf6 Ne6+ 52. Ke5 Nf8 53. Kf5 Ng6 54. Kg5 Ne5 55. Nxh5 Nf3+ 56. Kg4 Ne5+ 57. Kg3 Nxd3 58. Nf6 Kc7 59. h5 Kd6 60. h6 Ne5 61. h7 Ng6 62. Kg4 Ke6 63. Kg5 Nh8 64. Nh5 f5 65. Ng7+ Kf7 66. Nxf5 Ng6 67. Kh6 Nh8 68. Ne3 Kf6 69. Nd5+ Kf7 70. Nb6 Kf6 71. Nd7+ Kf7 72. Nc5 Kf6 73. Ne4+ Kf7 74. Ng3 Kf6 75. Nh5+ Kf7 76. Kg5 Ke6 77. Ng7+ Kf7 78. Kh6 Kf6 79. Ne8+ Ke7 80. Nc7 Kf6 81. Nb5 Nf7+ 82. Kh5 Kg7 83. h8Q+ Kxh8 84. Kg6 Ne5+ 1/2-1/2

[Event "SF-2012-0-00142"]
[Site "LSS email"]
[Date "2012.04.07"]
[Round "?"]
[White "Pinilla Munoz, Sonia"]
[Black "Borodin, Sergey Viktorovich"]
[Result "1/2-1/2"]
[WhiteElo "1322"]
[BlackElo "1367"]
[PlyCount "35"]
[EventDate "2012.02.28"]
[EventType "tourn (corr)"]
[EventRounds "6"]
[EventCountry "GER"]
[SourceTitle "Corr 2015"]
[Source "ChessBase"]
[SourceDate "2015.07.17"]
[SourceVersion "1"]
[SourceVersionDate "2015.07.17"]
[SourceQuality "1"]

1. d4 Nf6 2. c4 e6 3. Nf3 d5 4. Nc3 c5 5. cxd5 Nxd5 6. e4 Nxc3 7. bxc3 Be7 8. Be2 0-0 9. 0-0 b6 10. Bf4 Bb7 11. Qc2 Nc6 12. Rad1 cxd4 13. Nxd4 Nxd4 14. Rxd4 Qe8 15. Rfd1 Qc6 16. Bf3 Rad8 17. e5 Qc8 18. Bxb7 1/2-1/2

[Event "SF-2012-0-00142"]
[Site "LSS email"]
[Date "2012.04.05"]
[Round "?"]
[White "Pinilla Munoz, Sonia"]
[Black "Shim Ng Min, Francis"]
[Result "1-0"]
[WhiteElo "1322"]
[BlackElo "1159"]
[PlyCount "45"]
[EventDate "2012.02.28"]
[EventType "tourn (corr)"]
[EventRounds "6"]
[EventCountry "GER"]
[SourceTitle "Telechess CBM 165"]
[Source "ChessBase"]
[SourceDate "2015.03.11"]
[SourceVersion "1"]
[SourceVersionDate "2015.03.11"]
[SourceQuality "1"]

1. d4 d5 2. c4 e6 3. Nc3 Nf6 4. Nf3 Be7 5. Bg5 0-0 6. e3 Nbd7 7. Rc1 c6 8. Bd3 dxc4 9. Bxc4 Nd5 10. Bxe7 Qxe7 11. 0-0 Nxc3 12. Rxc3 e5 13. dxe5 Nxe5 14. Nxe5 Qxe5 15. f4 Qe7 16. f5 b5 17. Bb3 Qf6 18. Qd4 Qxd4 19. exd4 Bb7 20. f6 g6 21. Re1 Rfe8 22. Rce3 Kf8 23. Re7 1-0

[Event "SF-2012-0-00142"]
[Site "LSS email"]
[Date "2012.04.05"]
[Round "?"]
[White "Trevis, Robert R"]
[Black "Pinilla Munoz, Sonia"]
[Result "0-1"]
[WhiteElo "1224"]
[BlackElo "1322"]
[PlyCount "74"]
[EventDate "2012.02.28"]
[EventType "tourn (corr)"]
[EventRounds "6"]
[EventCountry "GER"]
[SourceTitle "Telechess CBM 165"]
[Source "ChessBase"]
[SourceDate "2015.03.11"]
[SourceVersion "1"]
[SourceVersionDate "2015.03.11"]
[SourceQuality "1"]

1. d4 Nf6 2. c4 g6 3. Nc3 Bg7 4. e4 d6 5. Be2 0-0 6. Bg5 c5 7. d5 h6 8. Bh4 e6 9. Nf3 exd5 10. Nxd5 g5 11. Bg3 Nxe4 12. Qc2 Qa5+ 13. b4 cxb4 14. Qxe4 Bxa1 15. Bxd6 f5 16. Ne7+ Kh7 17. Qe3 Bc3+ 18. Kf1 Qxa2 19. g3 Qb1+ 20. Kg2 Qe4 21. Nd5 Qxe3 22. fxe3 Rd8 23. Be7 Rxd5 24. cxd5 a5 25. h4 g4 26. Nd4 a4 27. Bd3 a3 28. Nxf5 Bxf5 29. Bxf5+ Kg7 30. e4 a2 31. Bd6 b3 32. Bxb8 Rxb8 33. e5 b2 34. Rd1 a1Q 35. Bb1 Rf8 36. e6 Qa6 37. Rd3 Qb6 0-1

[Event "SE-2012-0-00103"]
[Site "LSS email"]
[Date "2012.03.18"]
[Round "?"]
[White "Pinilla Munoz, Sonia"]
[Black "Basson, Heinrich"]
[Result "1-0"]
[WhiteElo "1313"]
[BlackElo "1478"]
[PlyCount "73"]
[EventDate "2012.01.31"]
[EventType "tourn (corr)"]
[EventRounds "6"]
[EventCountry "GER"]
[SourceTitle "Telechess CBM 155"]
[Source "ChessBase"]
[SourceDate "2013.07.16"]
[SourceVersion "1"]
[SourceVersionDate "2013.07.16"]
[SourceQuality "1"]

1. d4 d5 2. c4 c6 3. Nf3 Nf6 4. Nc3 e6 5. e3 Be7 6. Bd3 0-0 7. 0-0 Nbd7 8. b3 b6 9. Bb2 Bb7 10. Qe2 Rc8 11. Rad1 a5 12. e4 dxe4 13. Nxe4 a4 14. bxa4 Ra8 15. Neg5 g6 16. Bc2 Nh5 17. Qe3 Ndf6 18. Bc3 Ng4 19. Qd2 b5 20. Rb1 Qc7 21. Ne5 Nxe5 22. dxe5 Rfd8 23. Qe3 bxc4 24. Ne4 c5 25. a5 Ra6 26. g4 Ng7 27. Nf6+ Bxf6 28. exf6 Ne8 29. Rb2 Ba8 30. f3 Rd4 31. Bxd4 cxd4 32. Qxd4 e5 33. Re1 Rxa5 34. Qb6 Qxb6+ 35. Rxb6 Bxf3 36. g5 Rxa2 37. Rxe5 1-0

[Event "SF-2012-0-00138"]
[Site "LSS email"]
[Date "2012.02.29"]
[Round "?"]
[White "Pinilla Munoz, Sonia"]
[Black "Evtyugin, Yury Alekseevich"]
[Result "1-0"]
[WhiteElo "1281"]
[BlackElo "1003"]
[PlyCount "37"]
[EventDate "2012.02.09"]
[EventType "tourn (corr)"]
[EventRounds "6"]
[EventCountry "GER"]
[SourceTitle "Corr 2015"]
[Source "ChessBase"]
[SourceDate "2015.07.17"]
[SourceVersion "1"]
[SourceVersionDate "2015.07.17"]
[SourceQuality "1"]

1. d4 d5 2. c4 e6 3. Nc3 Nf6 4. Nf3 Be7 5. Bg5 0-0 6. e3 c6 7. Rc1 Nbd7 8. Bd3 dxc4 9. Bxc4 Nd5 10. Bxe7 Qxe7 11. 0-0 b5 12. Nxd5 exd5 13. Bd3 f5 14. Rxc6 a6 15. Qc2 Bb7 16. Rc7 Rac8 17. Ne5 Nxe5 18. Rxe7 Rxc2 19. Bxc2 1-0

[Event "SF-2012-0-00138"]
[Site "LSS email"]
[Date "2012.02.29"]
[Round "?"]
[White "Pinilla Munoz, Sonia"]
[Black "Popov, Misha"]
[Result "1-0"]
[WhiteElo "1281"]
[BlackElo "1006"]
[PlyCount "69"]
[EventDate "2012.02.09"]
[EventType "tourn (corr)"]
[EventRounds "6"]
[EventCountry "GER"]
[SourceTitle "Corr 2015"]
[Source "ChessBase"]
[SourceDate "2015.07.17"]
[SourceVersion "1"]
[SourceVersionDate "2015.07.17"]
[SourceQuality "1"]

1. d4 d5 2. c4 Nf6 3. Nf3 e6 4. Nc3 Be7 5. Bg5 0-0 6. e3 c6 7. Rc1 h6 8. Bh4 a6 9. cxd5 Nxd5 10. Bxe7 Qxe7 11. e4 Nf6 12. Bd3 b5 13. 0-0 Bb7 14. e5 Nd5 15. Nxd5 cxd5 16. Bb1 Nc6 17. Qd3 g6 18. h4 Nb4 19. Qd2 Kg7 20. g4 Rac8 21. g5 h5 22. Rc5 Rxc5 23. dxc5 Qxc5 24. Rc1 Qe7 25. Nd4 a5 26. a3 Na6 27. Nxb5 Qd8 28. Nd6 Ba8 29. Bd3 Nb8 30. Rc8 Qb6 31. Rxf8 Kxf8 32. Qf4 Qa7 33. Bxg6 Nc6 34. Qf6 Nd4 35. Qh8+ 1-0

[Event "SF-2012-0-00138"]
[Site "LSS email"]
[Date "2012.02.29"]
[Round "?"]
[White "Pinilla Munoz, Sonia"]
[Black "Verich, Oleg"]
[Result "1/2-1/2"]
[WhiteElo "1281"]
[BlackElo "1116"]
[PlyCount "45"]
[EventDate "2012.02.09"]
[EventType "tourn (corr)"]
[EventRounds "6"]
[EventCountry "GER"]
[SourceTitle "Corr 2015"]
[Source "ChessBase"]
[SourceDate "2015.07.17"]
[SourceVersion "1"]
[SourceVersionDate "2015.07.17"]
[SourceQuality "1"]

1. d4 Nf6 2. c4 e6 3. Nf3 Bb4+ 4. Bd2 Qe7 5. g3 0-0 6. Bg2 Bxd2+ 7. Qxd2 d6 8. Nc3 Rd8 9. 0-0 Nbd7 10. Rad1 c6 11. e4 Nf8 12. Qg5 Ng6 13. e5 Ne8 14. Qxe7 Nxe7 15. Rfe1 Ng6 16. h4 d5 17. h5 Ne7 18. b3 Nf5 19. g4 Nh6 20. g5 Nf5 21. Bh3 Nc7 22. Kh2 Ne7 23. h6 1/2-1/2

[Event "SF-2012-0-00136"]
[Site "LSS email"]
[Date "2012.02.21"]
[Round "?"]
[White "Pinilla Munoz, Sonia"]
[Black "Hoeber, Michael"]
[Result "1/2-1/2"]
[WhiteElo "1281"]
[BlackElo "938"]
[PlyCount "31"]
[EventDate "2012.01.27"]
[EventType "tourn (corr)"]
[EventRounds "6"]
[EventCountry "GER"]
[SourceTitle "Corr 2015"]
[Source "ChessBase"]
[SourceDate "2015.07.17"]
[SourceVersion "1"]
[SourceVersionDate "2015.07.17"]
[SourceQuality "1"]

1. d4 Nf6 2. c4 e6 3. Nc3 d5 4. cxd5 exd5 5. Bg5 Nbd7 6. Nf3 Be7 7. e3 0-0 8. Bd3 c6 9. Qc2 h6 10. Bh4 Re8 11. 0-0 Nf8 12. Rfe1 Be6 13. a4 a5 14. Rac1 Ng4 15. Bxe7 Qxe7 16. Ne2 1/2-1/2

[Event "RF-2012-0-00106"]
[Site "LSS email"]
[Date "2012.02.06"]
[Round "?"]
[White "Zwaneveld, Ansel"]
[Black "Pinilla Munoz, Sonia"]
[Result "0-1"]
[WhiteElo "1116"]
[BlackElo "1239"]
[PlyCount "52"]
[EventDate "2012.01.10"]
[EventType "tourn (corr)"]
[EventRounds "6"]
[EventCountry "GER"]
[SourceTitle "Telechess CBM 155"]
[Source "ChessBase"]
[SourceDate "2013.07.16"]
[SourceVersion "1"]
[SourceVersionDate "2013.07.16"]
[SourceQuality "1"]

1. d4 Nf6 2. Nf3 g6 3. e3 Bg7 4. Bd3 0-0 5. 0-0 d6 6. c3 c5 7. b3 Nbd7 8. Bb2 e5 9. Nbd2 Re8 10. dxe5 Nxe5 11. Be2 Nxf3+ 12. Nxf3 a6 13. c4 d5 14. Rc1 dxc4 15. Bxc4 Bf5 16. Ng5 Rf8 17. Qf3 Qe7 18. h3 Ne4 19. Nxe4 Bxb2 20. Ng3 Bxc1 21. Nxf5 gxf5 22. Rxc1 b6 23. Bd3 Qf6 24. Bxf5 Kh8 25. Rc4 Rad8 26. Rh4 Qxh4 0-1

[Event "OP-2012-0-02036"]
[Site "LSS email"]
[Date "2012.01.31"]
[Round "?"]
[White "Pinilla Munoz, Sonia"]
[Black "Lauer, Fredric"]
[Result "1-0"]
[WhiteElo "1271"]
[BlackElo "1039"]
[PlyCount "75"]
[EventDate "2012.01.28"]
[EventType "tourn (corr)"]
[EventRounds "4"]
[EventCountry "GER"]
[SourceTitle "Telechess CBM 153"]
[Source "ChessBase"]
[SourceDate "2013.03.14"]
[SourceVersion "1"]
[SourceVersionDate "2013.03.14"]
[SourceQuality "1"]

1. d4 e6 2. c4 c5 3. d5 exd5 4. cxd5 d6 5. Nc3 Nf6 6. Nf3 g6 7. e4 Bg7 8. h3 0-0 9. Bd3 a6 10. a4 Re8 11. 0-0 Nbd7 12. Re1 Ne5 13. Nxe5 Rxe5 14. f4 Re8 15. Qf3 Qc7 16. Bd2 Bd7 17. Re2 c4 18. Bc2 b5 19. e5 dxe5 20. fxe5 Rxe5 21. Rxe5 Qxe5 22. axb5 Bxb5 23. Nxb5 Qxb2 24. Bc3 Qxb5 25. d6 Nd5 26. Bxg7 Kxg7 27. Be4 Qb2 28. Rf1 Qd4+ 29. Kh1 f5 30. Bxd5 Rd8 31. Rd1 Qe5 32. Bxc4 Rxd6 33. Qb7+ Kh6 34. Rxd6 Qe1+ 35. Kh2 Qe5+ 36. Kg1 Qe1+ 37. Bf1 Qe3+ 38. Kh1 1-0

[Event "LSS RF-2011-0-00104"]
[Site "LSS email"]
[Date "2012.01.29"]
[Round "?"]
[White "Pinilla Munoz, Sonia"]
[Black "Puleston, Tim O"]
[Result "1/2-1/2"]
[WhiteElo "1239"]
[BlackElo "1223"]
[PlyCount "49"]
[EventDate "2011.12.27"]
[EventType "tourn (corr)"]
[EventRounds "6"]
[EventCountry "GER"]
[SourceTitle "Telechess CBM 155"]
[Source "ChessBase"]
[SourceDate "2013.07.16"]
[SourceVersion "1"]
[SourceVersionDate "2013.07.16"]
[SourceQuality "1"]

1. d4 Nf6 2. c4 c5 3. e3 e6 4. Nc3 d5 5. Nf3 Bd6 6. Bd3 Nc6 7. 0-0 dxc4 8. Bxc4 0-0 9. d5 exd5 10. Nxd5 Bg4 11. Nxf6+ Qxf6 12. Be2 Rad8 13. Qc2 Ne5 14. Nxe5 Qxe5 15. f4 Qh5 16. Bxg4 Qxg4 17. Rf3 Qg6 18. Qxg6 hxg6 19. e4 c4 20. Be3 a6 21. Bb6 Rc8 22. e5 Bc5+ 23. Bxc5 Rxc5 24. Rd1 g5 25. g3 1/2-1/2

[Event "LSS RF-2011-0-00099"]
[Site "LSS email"]
[Date "2011.12.18"]
[Round "?"]
[White "Pinilla Munoz, Sonia"]
[Black "Hogan, Bernardo"]
[Result "0-1"]
[WhiteElo "1137"]
[BlackElo "1124"]
[PlyCount "46"]
[EventDate "2011.11.05"]
[EventType "tourn (corr)"]
[EventRounds "6"]
[EventCountry "GER"]
[SourceTitle "Telechess CBM 157"]
[Source "ChessBase"]
[SourceDate "2013.11.12"]
[SourceVersion "1"]
[SourceVersionDate "2013.11.12"]
[SourceQuality "1"]

1. d4 d5 2. c4 Nf6 3. Nc3 e6 4. cxd5 exd5 5. Nf3 Bf5 6. Bg5 Be7 7. e3 c6 8. Bd3 Ne4 9. Bxe7 Qxe7 10. 0-0 Nd7 11. Qc2 0-0 12. Nd2 Ndf6 13. Ndxe4 dxe4 14. Bc4 Rad8 15. Rad1 Nd5 16. a3 Rfe8 17. Qb3 Nb6 18. d5 Nxc4 19. Qxc4 Qg5 20. Kh1 cxd5 21. Nxd5 Be6 22. Qxe4 Bxd5 23. Rxd5 Qxd5 0-1

[Event "LSS RF-2011-0-00099"]
[Site "LSS email"]
[Date "2011.12.17"]
[Round "?"]
[White "Lauer, Fredric"]
[Black "Pinilla Munoz, Sonia"]
[Result "0-1"]
[WhiteElo "1032"]
[BlackElo "1137"]
[PlyCount "80"]
[EventDate "2011.11.05"]
[EventType "tourn (corr)"]
[EventRounds "6"]
[EventCountry "GER"]
[SourceTitle "Telechess CBM 157"]
[Source "ChessBase"]
[SourceDate "2013.11.12"]
[SourceVersion "1"]
[SourceVersionDate "2013.11.12"]
[SourceQuality "1"]

1. e4 c5 2. c3 d6 3. d4 cxd4 4. cxd4 Nf6 5. Nc3 a6 6. Bg5 Nbd7 7. Nf3 h6 8. Bxf6 Nxf6 9. e5 dxe5 10. dxe5 Nd7 11. Bc4 e6 12. 0-0 Qc7 13. Qe2 Bc5 14. Bb3 0-0 15. Rac1 Qb8 16. Ne4 Be7 17. Rfd1 Nxe5 18. Nxe5 Qxe5 19. h3 Rb8 20. Ng3 Bf6 21. Qxe5 Bxe5 22. Rc2 Bxg3 23. fxg3 b5 24. g4 Bb7 25. Rc7 Rfc8 26. Rdd7 Rxc7 27. Rxc7 Be4 28. Ra7 Bb7 29. Kf2 Kf8 30. g3 Ke7 31. Ke3 Kd6 32. Bd1 Kc7 33. Bf3 Kb6 34. Rxb7+ Rxb7 35. Bxb7 Kxb7 36. Kd4 Kc6 37. h4 Kd6 38. b4 e5+ 39. Ke4 Ke6 40. h5 Kf6 0-1

[Event "SF-2011-0-00122"]
[Site "LSS email"]
[Date "2011.12.07"]
[Round "?"]
[White "Rush, Bradley"]
[Black "Pinilla Munoz, Sonia"]
[Result "1-0"]
[WhiteElo "988"]
[BlackElo "1137"]
[PlyCount "81"]
[EventDate "2011.11.06"]
[EventType "tourn (corr)"]
[EventRounds "6"]
[EventCountry "GER"]
[SourceTitle "Telechess CBM 157"]
[Source "ChessBase"]
[SourceDate "2013.11.12"]
[SourceVersion "1"]
[SourceVersionDate "2013.11.12"]
[SourceQuality "1"]

1. b4 d5 2. Bb2 e6 3. e3 Nf6 4. a3 Be7 5. Nf3 0-0 6. c4 c6 7. d4 Nbd7 8. c5 b6 9. Nc3 bxc5 10. bxc5 Qa5 11. Bd3 Ne4 12. Bxe4 dxe4 13. Nd2 Nf6 14. 0-0 Ba6 15. Re1 Rab8 16. Rb1 Bd3 17. Qc1 Bxb1 18. Ncxb1 Rb7 19. Bc3 Qc7 20. Qc2 Ng4 21. Nf1 f5 22. h3 Nf6 23. Nfd2 Nd5 24. Ba1 Rf6 25. Nc3 Nxc3 26. Qxc3 Rg6 27. Nc4 Bf6 28. Nd6 Rb8 29. Qc4 Kf8 30. Qxe6 Qe7 31. Qxf5 Kg8 32. Qxe4 Qd7 33. d5 cxd5 34. Qxd5+ Kf8 35. c6 Qc7 36. Nb5 Qa5 37. Qd6+ Kf7 38. Qd5+ Kf8 39. Rb1 Be7 40. c7 Rc8 41. Qf5+ 1-0

[Event "LSS RF-2011-0-00097"]
[Site "LSS email"]
[Date "2011.11.19"]
[Round "?"]
[White "Verich, Oleg"]
[Black "Pinilla Munoz, Sonia"]
[Result "1-0"]
[WhiteElo "1082"]
[BlackElo "1137"]
[PlyCount "77"]
[EventDate "2011.10.10"]
[EventType "tourn (corr)"]
[EventRounds "6"]
[EventCountry "GER"]
[SourceTitle "Telechess CBM 157"]
[Source "ChessBase"]
[SourceDate "2013.11.12"]
[SourceVersion "1"]
[SourceVersionDate "2013.11.12"]
[SourceQuality "1"]

1. d4 Nf6 2. c4 g6 3. g3 Bg7 4. Bg2 0-0 5. e3 d6 6. Ne2 Nbd7 7. 0-0 c5 8. Nbc3 Rb8 9. Rb1 a6 10. a4 b6 11. b3 Bb7 12. d5 Bc8 13. f4 Qc7 14. Bf3 Re8 15. Bb2 Rf8 16. e4 Re8 17. Re1 Rf8 18. Nc1 Re8 19. Nd3 Rf8 20. Qd2 Re8 21. Re2 Rf8 22. Rbe1 Bb7 23. e5 dxe5 24. fxe5 Ne8 25. Bg2 Ba8 26. Qf4 Bb7 27. e6 fxe6 28. Qxc7 Nxc7 29. dxe6 Nf6 30. Bxb7 Rxb7 31. Nf4 Rd8 32. Rd1 Rxd1+ 33. Nxd1 Rb8 34. Be5 Nfe8 35. Nc3 Bxe5 36. Rxe5 Rd8 37. Ncd5 Nxd5 38. Nxd5 Kf8 39. Nxb6 1-0

[Event "LSS No Engine Cup 53 Preliminary 5"]
[Site "LSS email"]
[Date "2011.11.03"]
[Round "?"]
[White "De Paus, Pieter"]
[Black "Pinilla Munoz, Sonia"]
[Result "0-1"]
[WhiteElo "1294"]
[BlackElo "1271"]
[PlyCount "46"]
[EventDate "2011.11.04"]
[EventType "tourn (corr)"]
[EventRounds "6"]
[EventCountry "GER"]
[SourceTitle "Telechess CBM 153"]
[Source "ChessBase"]
[SourceDate "2013.03.14"]
[SourceVersion "1"]
[SourceVersionDate "2013.03.14"]
[SourceQuality "1"]

1. e4 c5 2. Nf3 d6 3. d4 cxd4 4. Nxd4 Nf6 5. Nc3 a6 6. Bg5 e6 7. f4 Be7 8. Qf3 0-0 9. 0-0-0 Qc7 10. Bd3 Nc6 11. Nxc6 bxc6 12. e5 dxe5 13. Qh3 h6 14. Bxh6 exf4 15. Ne4 Nxe4 16. Qg4 Qe5 17. Bxe4 f5 18. Bxf4 Qxe4 19. Qg3 Bf6 20. Rhe1 Qb4 21. Be5 Bxe5 22. Qxe5 Rb8 23. Re3 Rb5 0-1